Romans, an interpretive outline; (Record no. 4305)
[ view plain ]
| 000 -LEADER | |
|---|---|
| fixed length control field | 00984cam a22002531 4500 |
| 001 - CONTROL NUMBER | |
| control field | 7041322 |
| 003 - CONTROL NUMBER IDENTIFIER | |
| control field | GBCCL |
| 005 - DATE AND TIME OF LATEST TRANSACTION | |
| control field | 20241126110515.0 |
| 008 - FIXED-LENGTH DATA ELEMENTS--GENERAL INFORMATION | |
| fixed length control field | 750224s1963 paua b 000 0 eng |
| 010 ## - | |
| -- | 63021694 |
| 035 ## - SYSTEM CONTROL NUMBER | |
| System control number | (OCoLC)1186848 |
| 040 ## - CATALOGING SOURCE | |
| Original cataloging agency | DLC |
| Transcribing agency | OCanM |
| Modifying agency | OCoLC |
| -- | DLC |
| 050 00 - | |
| -- | BS2665.5 |
| -- | .S8 |
| 082 ## - DEWEY DECIMAL CLASSIFICATION NUMBER | |
| Classification number | 227.107 |
| Item number | STE |
| 100 1# - MAIN ENTRY--PERSONAL NAME | |
| Personal name | Steele, David N. |
| 9 (RLIN) | 3168 |
| 245 10 - TITLE STATEMENT | |
| Title | Romans, an interpretive outline; |
| Remainder of title | a study manual of Romans, including a series of interpretive notes and charts on the major doctrines of the epistle, |
| Statement of responsibility, etc. | by David N. Steele [and] Curtis C. Thomas. Pref. by Gordon H. Clark. |
| 260 ## - PUBLICATION, DISTRIBUTION, ETC. | |
| Place of publication, distribution, etc. | Philadelphia, |
| Name of publisher, distributor, etc. | Presbyterian and Reformed Pub. Co., |
| Date of publication, distribution, etc. | 1963. |
| 300 ## - PHYSICAL DESCRIPTION | |
| Extent | xiv, 200 p. |
| Other physical details | diagrs. |
| Dimensions | 26 cm. |
| 504 ## - BIBLIOGRAPHY, ETC. NOTE | |
| Bibliography, etc. note | Includes bibliographies. |
| 630 00 - SUBJECT ADDED ENTRY--UNIFORM TITLE | |
| Uniform title | Bible. |
| Name of part/section of a work | Romans |
| General subdivision | Study |
| -- | Outlines, syllabi, etc. |
| 9 (RLIN) | 8123 |
| 700 1# - ADDED ENTRY--PERSONAL NAME | |
| Personal name | Thomas, Curtis C., |
| Dates associated with a name | 1937- |
| Relator term | joint author. |
| 9 (RLIN) | 8124 |
| 906 ## - LOCAL DATA ELEMENT F, LDF (RLIN) | |
| a | 7 |
| b | cbc |
| c | oclcrpl |
| d | u |
| e | ncip |
| f | 19 |
| g | y-gencatlg |
| 942 ## - ADDED ENTRY ELEMENTS (KOHA) | |
| Source of classification or shelving scheme | Dewey Decimal Classification |
| Koha item type | Books |
| Koha issues (borrowed), all copies | 5 |
| Withdrawn status | Lost status | Source of classification or shelving scheme | Damaged status | Not for loan | Home library | Current Library | Shelving location | Date acquired | Total checkouts | Full call number | Barcode | Date last seen | Date last checked out | Copy number | Price effective from | Koha item type |
|---|---|---|---|---|---|---|---|---|---|---|---|---|---|---|---|---|
| Dewey Decimal Classification | GRACE BIBLE COLLEGE | GRACE BIBLE COLLEGE | Biblical Studies | 2018-01-18 | 1 | 227.107 STE | 000872 | 2025-05-01 | 2025-02-21 | c.1 | 2018-01-18 | Books | ||||
| Dewey Decimal Classification | GRACE BIBLE COLLEGE | GRACE BIBLE COLLEGE | Biblical Studies | 2018-01-18 | 5 | 227.107 STE | 005978 | 2025-05-01 | 2024-08-12 | c.2 | 2018-01-18 | Books |